|
|
|
|
| LEADER |
00000nab a2200000u 4500 |
| 001 |
vtls012082329 |
| 003 |
SK-MaSNL |
| 005 |
20260313123409.0 |
| 008 |
220104|20211228xo ||||||| || ||slo| |
| 038 |
|
|
|a KEVKJB
|
| 040 |
|
|
|a KEVKJB
|b slo
|e rda
|
| 041 |
0 |
|
|a slo
|
| 043 |
|
|
|a e-xo---
|
| 044 |
|
|
|a xo
|c SK
|
| 072 |
|
7 |
|a 72
|x Architektúra
|2 konspekt
|
| 080 |
|
|
|a 728.37
|2 2011
|
| 100 |
1 |
|
|a Lendel, Michal
|4 aut
|9 1086422
|
| 245 |
1 |
0 |
|a Manželka a sestra slávnych Košičanov daruje mestu miestnu vilu Tugendhat
|b profesorka Mathéová chce, aby sa zachovalo vybavenie i diela
|c Michal Lendel
|
| 300 |
|
|
|b Fotografie
|
| 336 |
|
|
|a text
|b txt
|2 rdacontent
|
| 337 |
|
|
|a bez média
|b n
|2 rdamedia
|
| 338 |
|
|
|a zväzok
|b nc
|2 rdacarrier
|
| 600 |
1 |
7 |
|a Mathéová, Eva,
|d 1931-
|2 kevkjb
|9 1634820
|
| 600 |
1 |
7 |
|a Máthé, Ján,
|d 1922-2012
|2 SNKMA
|9 151701
|
| 650 |
0 |
7 |
|a sochári
|2 SNKPH
|9 3055
|
| 650 |
0 |
7 |
|a vily
|2 SNKPH
|
| 651 |
|
7 |
|a Košice (Slovensko)
|2 SNKPHgeo
|9 18694
|
| 773 |
0 |
|
|t Korzár
|g Roč. XXIV., č. 298 (28.12.2021), s. 2
|x 2585-7355
|
| 852 |
|
|
|a KEVKJB
|b KIS3GCP
|
| 856 |
4 |
1 |
|u https://kosice.korzar.sme.sk/c/22810372/manzelka-a-sestra-dvoch-slavnych-kosicanov-daruje-miestnu-vilu-tugendhat-mestu.html
|
| 958 |
|
|
|a BX
|
| 999 |
|
|
|c 2646720
|d 2648650
|